A philosophical commentary on the Politics of Aristotle

Gespeichert in:
Bibliographische Detailangaben
1. Verfasser: Simpson, Peter L. Phillips (VerfasserIn)
Format: Buch
Sprache:Englisch
Veröffentlicht: Chapel Hill University of North Carolina 1998
Ausgabe:1a. ed
Schlagworte:
Tags: Tag hinzufügen
Keine Tags, Fügen Sie den ersten Tag hinzu!

MARC

LEADER 00000nam a2200000 a 4500
001 UCJ0772
003 CL-VaPUC
008 060908e19980000us |||||||||||||||||eng|d
020 |a 0807823805 
082 0 4 |a 320.01  |b SIM  |2 21 
100 0 |a Simpson, Peter L. Phillips  |e author  |9 501111 
245 1 2 |a A philosophical commentary on the Politics of Aristotle 
250 |a 1a. ed 
300 |a 476 p 
942 |c BK 
945 |d 20060908 00:00:00  |a cmena 
260 |a Chapel Hill  |b University of North Carolina  |c 1998 
650 0 |a Filosofía griega  |9 265579 
650 0 |a Filosofía antigua   |9 255705 
650 7 |a FILOSOFIA POLITICA  |2 CL-VaPUC  |9 501112 
650 0 |a Crítica e interpretación   |9 255042 
583 |a last modification  |c 20171220 06:08:47  |k Rodrigo Vera 
999 |c 317527  |d 317525 
952 |0 0  |1 0  |4 0  |6 320_010000000000000_SIM_1998  |7 0  |8 A  |9 393986  |a BIBEDU  |b BIBEDU  |d 2019-11-22  |i 4276191  |o 320.01 SIM 1998  |p 4276191  |r 2019-11-22  |w 2019-11-22  |y BK  |k FIL